• 首页
  • 本馆介绍
  • 公告通知
  • 最新文献
  • 馆藏检索
  • 电子资源
  • 读者导购
  • 参考咨询
  • 我的图书馆
  • 登录
  • 详细信息显示
  • 放入我的书架
  • 预约/预借图书
  • 作者相关作品
  • 分类相关作品
  • 丛书相关作品
  • 出版社相关作品

书目信息

  • 表格格式
  • 工作单格式
  • 卡片格式
题名:
现代人力资源开发与管理
    
 
作者: 石金涛 主编
分册:  
出版信息: 上海   上海交通大学出版社  2001.9
页数: 347页
开本: 25cm
丛书名:
单 册:
中图分类: F240
科图分类:
主题词: 劳动力资源--开发--高等学校--教材 , 劳动力资源--资源管理--高等学校--教材
电子资源:
ISBN: 7-313-02178-X
000 00697nam0 2200229 45
001 0301160975
005 20031219104103.5
010    @a7-313-02178-X@dCNY27.00
100    @a20030116d2001 km y0chiy0120 ea
101 0  @achi
105    @a z 000yy
200 1  @a现代人力资源开发与管理@AXian Dai Ren Li Zi Yuan Kai Fa Yu Guan Li@f石金涛主编@FShi Jin Tao Zhu Bian
205    @a2版
210    @a上海@c上海交通大学出版社@d2001.9
215    @a347页@d25cm
300    @a研究生教学用书
606 0  @a劳动力资源@x开发@y高等学校@x教材
606 0  @a劳动力资源@x资源管理@x高等学校@x教材
690    @aF240@v4
701  0 @a石金涛@4主编
801    @aCN@bTSTC@c20030116
905    @b319397-399@dF240@e26=2@f3
    
    现代人力资源开发与管理/石金涛主编.-2版.-上海:上海交通大学出版社,2001.9
    347页;25cm
    研究生教学用书
    
    ISBN 7-313-02178-X:CNY27.00
    
●
相关链接 在E读中查询图书 在五车中查询图书 在当当中查询图书 在豆瓣中查询图书


正题名:现代人力资源开发与管理     索取号:F240/26=2         预约/预借

序号 登录号 条形码 馆藏地/架位号 状态 备注
1 0319397   203193971   第一借阅区/ [索取号:F240/26=2] 在馆    
2 0319398   203193980   第一借阅区/ [索取号:F240/26=2] 在馆    
3 0319399   203193999   第一样本阅览室/ [索取号:F240/26=2] 在馆    
唐山师范学院图书馆 欢迎您!
大连网信软件有限公司© 版权所有